|
|
|
|
| LEADER |
00000cam a2200000 a 4500 |
| 001 |
P-206 |
| 005 |
20230308192801.0 |
| 008 |
991120|1964 ||||||||r|||||||||||spa|| |
| 040 |
|
|
|b spa
|
| 041 |
1 |
|
|a spa
|
| 100 |
1 |
|
|a Bermúdez Molina, Mario.
|9 138755
|
| 245 |
|
|
|a Establecimientos penitenciarios
|c Mario Bermúdez Molina
|h dact
|
| 264 |
|
|
|a Cuenca
|c 1964
|
| 300 |
|
|
|a 71 páginas:
|c 32 cm
|
| 502 |
|
|
|a Licenciado en Ciencias Políticas y Sociales
|b Universidad de Cuenca
|c jur
|e DERECHO
|
| 650 |
1 |
|
|a Prisiones
|9 34547
|
| 650 |
1 |
|
|a Sistemas penitenciarios
|9 138590
|
| 650 |
|
|
|a Tesis en derecho
|9 1232
|
| 852 |
|
|
|a UC-CDJBV
|c CUARTO PISO (SECCION TESIS)
|f Donación
|k teresa.torres
|l 1
|m Limitada
|p 19911205
|t P-206
|b 1
|d CDRC
|e CDRC
|g CUARTO PISO (SECCION TESIS)
|z 1991-11-20
|
| 942 |
|
|
|c TS
|
| 999 |
|
|
|c 80666
|d 80666
|